000 00353nam a2200145Ia 4500
008 230917s9999||||xx |||||||||||||| ||und||
040 _e29349
_aMAIN
041 _aEnglish
082 _a709.54 L154L
100 _aSom, Sovon
245 0 _aLalit Kala Contemporary 36
260 _aNew Delhi
_bLalit Kala Akademi
_c1990
300 _a112 p.
942 _cBK
999 _c96452
_d96452